|
|
|
|
| LEADER |
00980cam a2200253 a 4500 |
| 001 |
0000088515 |
| 005 |
20120406090000.0 |
| 040 |
|
|
|a mod
|
| 041 |
|
|
|a eng
|
| 020 |
0 |
0 |
|a 9789678603072
|
| 090 |
0 |
0 |
|a 297.5
|b KHA
|e 2007
|
| 100 |
1 |
0 |
|a Khalid Al-Jaarullah
|
| 245 |
1 |
0 |
|a Ibadah bagi orang sakit
|c Khalid Al-Jaarullah, Abdullah Al-Hamidy, Abdul Rahman Abdul Khaliq
|
| 260 |
0 |
0 |
|a Selangor
|b Karya Bestari
|c 2007
|
| 300 |
0 |
0 |
|a 64 p.
|c 16 cm
|
| 650 |
0 |
0 |
|a Religious life
|x Islam
|
| 650 |
0 |
0 |
|a Islam
|x Customs and practices
|
| 700 |
1 |
1 |
|a Abdullah Al-Hamidy
|
| 700 |
1 |
1 |
|a Abdul Rahman Abdul Khaliq
|
| 999 |
|
|
|a 0263737
|b 9 BGD
|d BOOKS
|e Umum
|f 9 BGD
|j AVAILABLE
|q GOOD CONDITION
|
| 999 |
|
|
|a 0274147
|b MAWILLA I
|d BOOKS
|e Umum
|f MAWILLA 1
|j AVAILABLE
|q GOOD CONDITION
|
| 999 |
|
|
|a 0280168
|b 8 BGD
|d BOOKS
|e Umum
|f 8 BGD
|j AVAILABLE
|q GOOD CONDITION
|
| 999 |
|
|
|a 0285436
|b 1 Kor Armor Diraja
|d BOOKS
|e Umum
|f Other Branches
|j AVAILABLE
|q GOOD CONDITION
|
| 999 |
|
|
|a 0292600
|b 2 DIV
|d BOOKS
|e Umum
|f 2 DIV
|j AVAILABLE
|q GOOD CONDITION
|